01366nam a22002177a 4500003000400000005001700004008004100021020001800062040001400080041000800094082001300102100003500115245002000150250002300170264004000193300006200233490008300295521069700378650003201075700004101107OSt20240617145630.0240617b ||||| |||| 00| 0 spa d a9789585532649 cCO-Mq BPB aspa aJCbVERf aVerne, Juliod1828-1905eautor aFrritt - Flacc  aEdición especial aBogotá :bCangrejo Editoresc2023 a63 páginas bilustraciones a color, tapa rusticac31 cm aPlan Nacional de Lectura y Escritura Leer es mi Cuento / Ministerio de Cultura a"¡Frritt! ... es el viento que brama, indómito. iFlacc! ... es la lluvia que cae, torrencial".Quien haya quedado encantado con los clásicos romances de aventura de JULIO VERNE se sorprenderá con la versatilidad de estilo y la precisión narrativa del autor en este cuento fantástico, prácticamente desconocido por sus lectores. En una ciudad de extraño nombre, apiñada entre un volcán en actividad y el mar de Megalocride, en donde la furia de la naturaleza asusta menos que las revelaciones sobre el carácter del médico local, el avaro doctor Trifulgas. Frritt-Flacc se presenta, en esta edición, con fabulosas ilustraciones del artista plástico ALEXANDRE CAMANHO.  aCuentos juveniles franceses aCamanho, Alexandred1972eilustrador